| 000 | 00731nam a22002297a 4500 | ||
|---|---|---|---|
| 999 |
_c14621 _d14621 |
||
| 003 | AR-CdUCM | ||
| 008 | 190424b ||||| |||| 00| 0 spa d | ||
| 020 | _a978-987-751-360-8 | ||
| 040 |
_aMUNICIPALIDAD PROVINCIAL DEL CUSCO _cBIBLIOTECA MUNICIPAL DEL CUSCO |
||
| 082 |
_aPI / 803 / _bE36 |
||
| 110 |
_aEditorial Guadal _933471 |
||
| 245 |
_aPaw patrol : _bLos cachorros al rescate / |
||
| 260 |
_aBuenos Aires : _bGuadal, _c2016. |
||
| 300 |
_a32 páginas : _c27 cm. _bIlustración, |
||
| 440 |
_aColección paw patrol en acción _933472 |
||
| 650 |
_aCuentos _9217 |
||
| 650 |
_aHistorias _92725 |
||
| 650 |
_aStickers _933473 |
||
| 700 |
_aEugenia Delía, María _933474 |
||
| 942 |
_2ddc _cLIBROS |
||
| 945 |
_arah _d24/04/2019 |
||